[Event "ARG-ch 87th"]
[Site "Villa Martelli"]
[Date "2013.04.05"]
[Round "3"]
[White "Julia, Ernesto"]
[Black "Lopez, Sebastian"]
[Result "1-0"]
[WhiteElo "2374"]
[BlackElo "2013"]
[PlyCount "123"]
[EventDate "2013.04.03"]
[EventType "swiss"]
[EventRounds "11"]
[EventCountry "ARG"]
[SourceTitle "CBM 153 Extra"]
[Source "ChessBase"]
[SourceDate "2013.04.22"]
[SourceVersion "1"]
[SourceVersionDate "2013.04.22"]
[SourceQuality "1"]

1. g3 Nf6 2. Bg2 g6 3. Nf3 Bg7 4. c4 c5 5. 0-0 0-0 6. Nc3 d5 7. cxd5 Nxd5 8. Ng5 e6 9. d3 Nc6 10. Nxd5 exd5 11. Nh3 Be6 12. Nf4 Qd7 13. Rb1 Rac8 14. Be3 Nd4 15. Re1 Nf5 16. Bd2 Rfe8 17. h4 h5 18. Nxe6 Rxe6 19. Bh3 Rce8 20. Bxf5 gxf5 21. e3 Qb5 22. Qc2 d4 23. exd4 Rxe1+ 24. Rxe1 Rxe1+ 25. Bxe1 Bxd4 26. b3 Qe8 27. Qd1 Qe5 28. Kg2 f4 29. gxf4 Qxf4 30. Qxh5 Bf6 31. f3 Qe3 32. Qg4+ Kf8 33. Qe4 Qc1 34. Qe2 Qf4 35. Bg3 Qd4 36. Qe4 Qb2+ 37. Kh3 Qxa2 38. Bd6+ Kg7 39. Qg4+ Kh7 40. Qf5+ Kg7 41. h5 Qa1 42. Bxc5 b6 43. Bf2 Qh1+ 44. Kg4 Qg2+ 45. Bg3 Qh1 46. Qd7 Qc1 47. Qb5 Qc8+ 48. Qf5 Qc1 49. Bf2 Qd2 50. Bg3 Qc1 51. b4 Qd2 52. Kh3 Qc1 53. Qg4+ Kh7 54. Qc4 Qh1+ 55. Kg4 Kg7 56. b5 Qa1 57. Qd5 Qc1 58. Bf4 Qg1+ 59. Kf5 Qd4 60. Qxd4 Bxd4 61. Be5+ Bxe5 62. Kxe5 1-0

[Event "Villa Ballester de Invierno op 8th"]
[Site "Villa Ballester"]
[Date "2008.08.18"]
[Round "3"]
[White "Lopez, Sebastian"]
[Black "Ochelli Aranda, Francisco R"]
[Result "0-1"]
[WhiteElo "2117"]
[BlackElo "1806"]
[PlyCount "114"]
[EventDate "2008.08.16"]
[EventType "swiss"]
[EventRounds "7"]
[EventCountry "ARG"]
[SourceTitle "CBM 126 Extra"]
[Source "ChessBase"]
[SourceDate "2008.11.05"]
[SourceVersion "1"]
[SourceVersionDate "2008.11.05"]
[SourceQuality "1"]

1. Nf3 Nf6 2. d4 d5 3. c4 c6 4. cxd5 cxd5 5. Nc3 e6 6. Bg5 Be7 7. e3 Nbd7 8. Bd3 h6 9. Bh4 a6 10. 0-0 0-0 11. Rc1 b5 12. Re1 Bb7 13. Re2 Rc8 14. Rec2 Re8 15. h3 Ne4 16. Bxe7 Qxe7 17. Nxe4 Rxc2 18. Bxc2 dxe4 19. Nd2 Nf6 20. Nb3 Bd5 21. Bb1 Rd8 22. Nc5 a5 23. Qd2 b4 24. b3 Qd6 25. Qb2 Rc8 26. Na4 Rc6 27. Rc5 Rxc5 28. dxc5 Qc6 29. Qe5 Nd7 30. Qd6 Qxd6 31. cxd6 f5 32. Bc2 Kf7 33. Bd1 g6 34. g4 Kf6 35. Kg2 Ke5 36. Be2 Kxd6 37. Kg3 g5 38. Ba6 Nc5 39. Nxc5 Kxc5 40. gxf5 exf5 41. Bc8 a4 42. bxa4 Bxa2 43. Bxf5 Bd5 44. f3 exf3 45. e4 Bc6 46. a5 b3 47. Kf2 Kd4 48. Be6 b2 49. Ba2 Bxe4 50. a6 b1Q 51. Bxb1 Bxb1 52. Kxf3 h5 53. Kg3 Ke5 54. Kf3 Be4+ 55. Ke3 Kf5 56. Kf2 Kf4 57. a7 h4 0-1